Open Data Biblioteca Nacional de Portugal


República Portuguesa: Ministério da Cultura
Biblioteca Nacional de Portugal

Catálogo da BNP: acesso por Identificadores Unívocos
Registos Bibliográficos associados ao registo de autoridade

Etiqueta de registo: 00230nam 2200025 450
001 1735907
003 http://id.bnportugal.gov.pt/bib/catbnp/1735907
010 ## $a978-972-95134-2-8
021 ## $aPT$b273494/08
100 ## $a20100129d2008 m d0pory0103 ba
101 0# $apor
102 ## $aPT
105 ## $aa z 100yy
106 ## $ar
200 1# $aParceria numa Escola Inclusiva$eactas$fdo Encontro Parceria...$gorg. Programa para Prevenção e Eliminação da Exploração do Trabalho Infantil, Câmara Municipal de Castro Daire
210 #9 $aCastro Daire$cC.M.,$d2008
215 ## $a44 p. a 2 colns$cil.$d30 cm
675 ## $a37.062(469)(042)$vBN$zpor$31411466
675 ## $a37.043(469)(042)$vBN$zpor$31301370
675 ## $a316.344(469)(042)$vBN$zpor$31232351
675 ## $a061.3$vBN$zpor$3292562
710 12 $aEncontro Parceria numa Escola Inclusiva,$d2,$eCastro Daire,$f2007$31408470
712 01 $aPortugal.$bPrograma para Prevenção e Eliminação da Exploração do Trabalho Infantil$4557$31335597
712 01 $aCastro Daire.$bCâmara Municipal$4557$34285
801 #0 $aPT$bBN$gRPC
900 ## $aBIBNAC$d20100330
966 ## $lBN$mFGMON$sS.C. 120575 V.
966 ## $lBN$mFGMON$sS.C. 120575 V.-D

Etiqueta de registo: 00551cam 22001811 450
001 821514
003 http://id.bnportugal.gov.pt/bib/catbnp/821514
005 19990125000000.0
095 ## $aPTBN00472980
100 ## $a19930516d1942 km y0pory0103 ba
101 0# $apor
102 ## $aPT
200 1# $aCódigo de posturas paroquiais da junta de freguesia de Cabril$fCâmara Municipal de Castro Daire
210 #9 $a[S.l.$cs.n.],$d1942$eCastro Daire :$gTip. Castrense)
215 ## $a4 p.$d21 cm
710 01 $aCastro Daire.$bCâmara Municipal$34285
801 #0 $aPT$bBN$gRPC
966 ## $lBN$mFGMON$sS.C. 15628//14 P.
998 ## $aCI236-143

Etiqueta de registo: 00632cam 22002051 450
001 758071
003 http://id.bnportugal.gov.pt/bib/catbnp/758071
005 19990108000000.0
095 ## $aPTBN00545432
100 ## $a19940121g19519999k y0pory0103 ba
101 0# $apor
102 ## $aPT
200 1# $aGerências de 1949-1950$erelatórios, plano anual e bases do orçamento de 1951$fCastro Daire, Câmara Municipal
210 #9 $a[S.l.$cs.n.,$d1951]$ePorto :$gTip. "O Comércio do Porto")
215 ## $av.
710 01 $aCastro Daire.$bCâmara Municipal$34285
801 #0 $aPT$bBN$gRPC
966 ## $lBN$mFGMON$sC.G. 5326 V.
966 ## $lBN$mFGMON$sC.G. 5327 V.
997 ## $aBIBEOD
998 ## $aCB007-138

Etiqueta de registo: 00522cam 22001811 450
001 750281
003 http://id.bnportugal.gov.pt/bib/catbnp/750281
005 19990108000000.0
095 ## $aPTBN00537581
100 ## $a19930201d1939 km y0pory0103 ba
101 0# $apor
102 ## $aPT
200 1# $aCódigo de posturas da Câmara Municipal do Conelho de Castro Daire
210 #9 $a[S.l.$cs.n.],$d1939$eCastro Daire :$gTip. Castrense)
215 ## $a72 p.$d20 cm
710 01 $aCastro Daire.$bCâmara Municipal$34285
801 #0 $aPT$bBN$gRPC
966 ## $lBN$mFGMON$sS.C. 15199//27 P.
997 ## $aBIBEOD
998 ## $aCI272-294

Etiqueta de registo: 00486cam 22001691 450
001 486966
003 http://id.bnportugal.gov.pt/bib/catbnp/486966
005 19990101000000.0
095 ## $aPTBN00689759
100 ## $a19950208d1969 km d0pory0103 ba
101 0# $apor
102 ## $aPT
200 1# $aCódigo das posturas e regulamentos municipais$fCâmara Municipal de Castro Daire
210 #9 $aCastro Daire$cC.M.,$d1969
215 ## $a151 p., 1 f.$d21 cm
710 01 $aCastro Daire.$bCâmara Municipal$34285
801 #0 $aPT$bBN$gRPC
966 ## $lBN$mFGMON$sS.C. 30676 V.
997 ## $aBIBEOD

Etiqueta de registo: 00490cam 22001811 450
001 274506
003 http://id.bnportugal.gov.pt/bib/catbnp/274506
005 19981208153300.0
095 ## $aPTBN00285632
100 ## $a19610601d1961 m d0pora0103 ba
101 0# $apor
102 ## $aPT
200 1# $aPosturas$e1961$fCâmara Municipal de Castro Daire-Säo Joaninho
210 #9 $aLisboa$c[s.n.],$d1961
215 ## $a19 p.$d16 cm
675 ## $a35/354$vmed$zpor$3288571
710 01 $aCastro Daire.$bCâmara Municipal$34285
801 #0 $aPT$bBN$gRPC
966 ## $lBN$mFGMON$sS.C. 21050 P.
997 ## $aBIBEOD

Etiqueta de registo: 00653cas 02200241 04500
001 467473
003 http://id.bnportugal.gov.pt/bib/catbnp/467473
005 19990101000000.0
095 ## $aPTBN00670037
100 ## $a19941110c19 km y0pory0103 ba
101 0# $apor
102 ## $aPT
200 1# $aRelatório$fCâmara Municipal Castro Daire
210 #9 $aViseu$cC.M.C.D.,$d[19--]-
215 ## $d22 cm
303 ## $aDescrição baseada em: 1940
712 01 $aCastro Daire.$bCâmara Municipal$4650$34285
801 #0 $aPT$bBN$gRPC
930 ## $lBN$dC.G. 5327 P.
930 ## $lBN$dC.G. 5326 P.
930 ## $lBPMP$dP-A-4679
966 ## $lBN$mFGMON$sC.G. 5326 P.
966 ## $lBN$mFGMON$sC.G. 5327 P.

Etiqueta de registo: 00644cam 2200181 450
001 948446
003 http://id.bnportugal.gov.pt/bib/catbnp/948446
005 19990617000000.0
095 ## $aPTBN00962816
100 ## $a19980221d1919 m d0pory0103 ba
101 0# $apor
102 ## $aPT
106 ## $ar
200 1# $aRegulamento das feiras e mercados do concelho; pagamento de taxas impostas aos vendedores ambulantes ou não, nos dias de mercado e de arraiaes, e nos restantes dias$eaprovado pela Camara Municipal de Castro Daire... 1919
210 #9 $aCastro Daire$cC.M.,$dimp. 1919
215 ## $a44 p.$d20 cm
710 01 $aCastro Daire.$bCâmara Municipal$34285
801 #0 $aPT$bBN$gRPC
966 ## $lBN$mFGMON$sS.C. 7423//2 V.
997 ## $aBIBEOD

Etiqueta de registo: 00000nas 2200025 450
001 2008346
003 http://id.bnportugal.gov.pt/bib/catbnp/2008346
100 ## $a20181214a20109999m d0pory01030103ba
101 0# $apor
102 ## $aPT
106 ## $ar
110 ## $aahazz 0uu0
200 1# $aCastro Daire$erevista municipal $fpropr. Câmara Municipal de Castro Daire
207 #0 $a[A. 1, nº 1 (jan./mar. 2010)] - a. 8, nº 29 (abr./jun. 2017) ;$aNº 1 (jan./mar. 2018)-
210 #9 $aCastro Daire$cCâmara Municipal de Castro Daire,$d[2010]-
215 ## $d22 cm
303 ## $aDescrição baseada em: a. 4, nº 15 (jul./dez. 2013)
326 ## $aTrimestral
620 ## $dCastro Daire
675 ## $a352(469.312)(05)$vBN$zpor$3412277
712 01 $aCastro Daire.$bCâmara Municipal$4650$34285
801 #0 $aPT$bBN$gRPC
856 41 $uhttp://rnod.bnportugal.gov.pt/ImagesBN/winlibimg.aspx?skey=&doc=2008346&img=118904&save=true
900 ## $aBIBNAC$d20190103
966 ## $lBN$mFGREV$sP.P. 32863 V.$x1

OpendataBNP@bnportugal.pt | Mais informação sobre acesso aos dados BNP